000 01123nam a22002415i 4500
001 164760
003 ES-MaACL
005 20230906213011.0
008 980117s1786 sp a |||| | spa d
040 _aCYL
_bspa
_cCYL
100 1 _aSantos, Manuel.
_9132456
245 1 0 _aNoticia instructiva del uso y operaciones de la lana
_b: Para fabricar estameñas finas, sempiternas, sargas lisas y labradas, barraganes y otros texidos dobles por lo respectivo al telar angosto de pie ... /
_cPor Manuel Santos ...
260 _a[Madrid] :
_ben la Imprenta Real,
_c1786.
300 _a[4], 63, 111 p., 112-117 h., 119-144 p., 9 h, de grab. pleg. :
_bil ;
_c23 cm.
530 _aDisponible en formato digital.
597 _aSign.: [ ]², A-Z4, Aa-Cc4, Dd².
597 _aLas h. 112-117 solo impresas por una sola cara.
599 _aLas de grab. son calc., representaciones alusivas al texto.
650 4 _aLana.
_9136337
650 0 4 _aIndustria textil-
_vHistoria.
_913737
852 _aES-MaACL
_jT-190-F-1
_z-- Enc. hol.
856 _uhttp://bdh-rd.bne.es/viewer.vm?id=0000080882&page=1
_zBiblioteca Digital Hispánica
999 _c164760
_d164760